MARC

LEADER 00000nam0a2200000 4500
001 316467
005 20231102002858.0
035 |a (RuTPU)RU\TPU\book\341905 
090 |a 316467 
100 |a 20160322d1970 km y0rusy50 ca 
101 0 |a rus 
102 |a RU 
105 |a a z 001zy 
200 1 |a Порошки цветных металлов  |f Д. Е. Богатин 
210 |a Москва  |c Металлургия  |d 1970 
215 |a 103 с.  |c ил. 
320 |a Библиогр.: с. 102-103 
606 1 |a Металлические порошки цветных металлов  |x Производство  |2 stltpush  |3 (RuTPU)RU\TPU\subj\42373  |9 62043 
610 1 |a получение 
610 1 |a распыление 
610 1 |a диссоциация 
610 1 |a восстановление 
610 1 |a применение 
610 1 |a фрикционные материалы 
610 1 |a металлокерамическое производство 
610 1 |a шихта 
610 1 |a прессование 
610 1 |a спекание 
675 |a 621.762:669.2/.8  |v 4 
700 1 |a Богатин  |b Д. Е.  |g Давид Ефимович 
801 1 |a RU  |b 63413507  |c 20160322 
801 2 |a RU  |b 63413507  |c 20171026  |g RCR 
942 |c BK